01210cam a22002653 45000010005000000030008000050050017000130080039000300350018000690400027000870410008001140820021001221110095001432450212002382600050004503000036005005040051005366500023005877000058006107100047006687100055007159420012007709990015007829520147007978983BD-RjUL20211208234707.0140120s1966 enka b 101 0 eng a(BD-RjUL)9028 aDLCcDLCbengdBD-RjUL aeng a530.41bNAU 19662 aNATO Advanced Study Instituted(1965 :cImperial College of Science and Technology)92790214aThe use of thin films in physical investigations :ba NATO Advanced Study Institute held at the Imperial College of Science and Technology, University of London, 19-24 July, 1965. /cEdited by J.C. Anderson. aLondon ;aNew York :bAcademic Press,cc1966. axix, 462 p. :billus. ;c23 cm. aIncludes bibliographical references and index. 0aThin films.9268791 aAnderson, J. C.q(Joseph Chapman),d1922-eed.9278892 aNorth Atlantic Treaty Organization.9180372 aImperial College of Science and Technology.927890 2ddccBK c8983d8983 00102ddc40718NFICaRUCLbRUCLcreadingd1977-05-21eW. Heffer and sonsg8.00l0o530.41 NAU 1966r2014-01-20 00:00:00tC-1w2014-01-20yBK